000 00461nam a2200193Ia 4500
005 20250423095839.0
008 250422s9999 xx 000 0 und d
020 _a9783379824
050 _aP 40 .O43/
100 _aOlaoye, Ayo A.
245 0 _aIntroduction to sociolinguistics
250 _a3rd ed.
260 _aAbuja
260 _bOgunleye Publishing & Printing Press
260 _c2007
300 _a254 p
650 _aLinguistics
942 _cBK
999 _c31515
_d31515